Caught in the act : the decisive reading of some notable men and women and its influence on their actions and attitudes /

Bibliographic Details
Main Author: Castagna, Edwin, 1909-
Format: Book
Language:English
Published: Metuchen, N.J. : Scarecrow Press, 1982.
Subjects:

MARC

Tag First Indicator Second Indicator Subfields
LEADER 00000pam a2200000 a 4500
001 in00000289721
005 20151010080009.0
008 820602s1982 nju b 00110 eng
010 |a  82010276  
020 |a 0810815664 
035 |a (OCoLC)08552034 
035 |9 ABF4882AM 
039 0 |a 2  |b 3  |c 3  |d 3  |e 3 
040 |a DLC  |c DLC  |d TXA  |d UtOrBLW 
049 |a TXAM  |c [1117689] 
050 0 0 |a Z1003  |b  C3 1982 
082 0 |a 028/.9  |2 19 
100 1 |a Castagna, Edwin,  |d 1909- 
245 1 0 |a Caught in the act :  |b the decisive reading of some notable men and women and its influence on their actions and attitudes /  |c Edwin Castagna. 
264 1 |a Metuchen, N.J. :  |b Scarecrow Press,  |c 1982. 
300 |a v, 220 pages ;  |c 23 cm. 
336 |a text  |b txt  |2 rdacontent 
337 |a unmediated  |b n  |2 rdamedia 
338 |a volume  |b nc  |2 rdacarrier 
500 |a Includes index. 
504 |a Bibliography: pages 193-207. 
650 0 |a Books and reading. 
650 0 |a Reading interests. 
999 |a MARS 
999 f f |s d089ac19-380b-3efd-a104-e0e565039004  |i de15565c-4fc3-3aff-b281-56000b504d46  |t 0 
952 f f |p ric  |a Texas A&M University  |b Rellis Campus  |c Joint Library Facility  |d Remote Storage  |t 0  |e Z1003 .C3 1982  |h Library of Congress classification  |i unmediated -- volume  |m A14806393987 
998 f f |a Z1003 .C3 1982  |t 0  |l Remote Storage